=LDR 00000nam 2200000 4500 =001 INLIS000000000009781 =005 20130612101548 =008 ***********************************Ind** =035 ##$$0010-061300000009781 =041 ##$$a Ind =082 ##$$a 576 =090 ##$$a 576, Dwi d =100 ##$$a Dwidjoseputro =245 ##$$a dasar - Dasar Mikrobiologi, Prof.Dr.D.Dwidjoseputro =260 ##$$a 1998 $b Jakarta =300 ##$$a xii, 214 hlm, ilus, 21 cm =650 ##$$a Mikrobiologi =850 ##$$a NBPNMAT